| 000 | 00864nam a2200217 a 4500 | ||
|---|---|---|---|
| 003 | OSt | ||
| 005 | 20150408114044.0 | ||
| 008 | 120616s2012 le ad g b 000 0 ara d | ||
| 020 | _a9789953557519 | ||
| 040 | _aعمادة شؤون المكتبات في جامعة المجمعة | ||
| 082 | 0 | 4 |
_221 _a380.109 _b380.109 ن د م |
| 100 | 1 |
_aدياب، محمد. _913451 |
|
| 245 | 1 | 2 |
_aالنظريات المحدثة للتجارة الدولية / _cمحمد دياب، بسام الحجار. |
| 250 | _aط. 1. | ||
| 260 |
_aبيروت : _bدار المنهل اللبناني، _c2012 _m1433. |
||
| 300 |
_a192 ص. : _bجداول، رسوم بيانية ؛ _c24 سم. |
||
| 504 | _aببليوجرافية : ص. 185-188. | ||
| 650 | 7 |
_2aucsh _aالتجارة الخارجية _xفلسفة _915739 |
|
| 700 | 1 |
_aالحجار، بسام. _915740 |
|
| 942 |
_2ddc _cBOOK |
||
| 999 |
_c24120 _d258620 |
||